<?xml version="1.0" encoding="UTF-8"?>
<record
    xmlns:xsi="http://www.w3.org/2001/XMLSchema-instance"
    xsi:schemaLocation="http://www.loc.gov/MARC21/slim http://www.loc.gov/standards/marcxml/schema/MARC21slim.xsd"
    xmlns="http://www.loc.gov/MARC21/slim">

  <leader>00527    a2200169   4500</leader>
  <datafield tag="952" ind1=" " ind2=" ">
    <subfield code="0">0</subfield>
    <subfield code="1">0</subfield>
    <subfield code="2">ddc</subfield>
    <subfield code="4">0</subfield>
    <subfield code="7">0</subfield>
    <subfield code="8">TOURISM</subfield>
    <subfield code="a">MES</subfield>
    <subfield code="b">MES</subfield>
    <subfield code="c">TOURISM </subfield>
    <subfield code="d">2022-11-01</subfield>
    <subfield code="e">55</subfield>
    <subfield code="g">802.50</subfield>
    <subfield code="l">0</subfield>
    <subfield code="o">647.94068 AND/T</subfield>
    <subfield code="p">41785</subfield>
    <subfield code="r">2022-11-01 00:00:00</subfield>
    <subfield code="t">2</subfield>
    <subfield code="v">1070.00</subfield>
    <subfield code="w">2022-11-01</subfield>
    <subfield code="y">BK</subfield>
    <subfield code="z">U2R3</subfield>
  </datafield>
  <datafield tag="952" ind1=" " ind2=" ">
    <subfield code="0">0</subfield>
    <subfield code="1">0</subfield>
    <subfield code="2">ddc</subfield>
    <subfield code="4">0</subfield>
    <subfield code="7">0</subfield>
    <subfield code="8">TOURISM</subfield>
    <subfield code="a">MES</subfield>
    <subfield code="b">MES</subfield>
    <subfield code="c">TOURISM </subfield>
    <subfield code="d">2022-11-01</subfield>
    <subfield code="e">55</subfield>
    <subfield code="g">802.50</subfield>
    <subfield code="l">3</subfield>
    <subfield code="m">3</subfield>
    <subfield code="o">647.94068 AND/T</subfield>
    <subfield code="p">41784</subfield>
    <subfield code="r">2024-02-05 13:52:21</subfield>
    <subfield code="s">2024-01-29</subfield>
    <subfield code="t">1</subfield>
    <subfield code="v">1070.00</subfield>
    <subfield code="w">2022-11-01</subfield>
    <subfield code="y">BK</subfield>
    <subfield code="z">U2R3</subfield>
  </datafield>
  <datafield tag="999" ind1=" " ind2=" ">
    <subfield code="c">41642</subfield>
    <subfield code="d">41642</subfield>
  </datafield>
  <controlfield tag="003">OSt</controlfield>
  <controlfield tag="005">20221101103344.0</controlfield>
  <controlfield tag="008">221101b           ||||| |||| 00| 0 eng d</controlfield>
  <datafield tag="020" ind1=" " ind2=" ">
    <subfield code="a">9780070655720</subfield>
  </datafield>
  <datafield tag="040" ind1=" " ind2=" ">
    <subfield code="c">oclc</subfield>
  </datafield>
  <datafield tag="082" ind1=" " ind2=" ">
    <subfield code="a">647.94068</subfield>
    <subfield code="b">AND/T</subfield>
  </datafield>
  <datafield tag="100" ind1="1" ind2=" ">
    <subfield code="9">9200</subfield>
    <subfield code="a">Andrews, Sudhir</subfield>
  </datafield>
  <datafield tag="245" ind1=" " ind2=" ">
    <subfield code="a">Textbook of hotel housekeeping management and operations /</subfield>
    <subfield code="c">Sudhir Andrews</subfield>
  </datafield>
  <datafield tag="260" ind1=" " ind2=" ">
    <subfield code="a">New Delhi:</subfield>
    <subfield code="b">Mc grawhill,</subfield>
    <subfield code="c">2016.</subfield>
  </datafield>
  <datafield tag="300" ind1=" " ind2=" ">
    <subfield code="a">478 pages</subfield>
  </datafield>
  <datafield tag="942" ind1=" " ind2=" ">
    <subfield code="2">ddc</subfield>
    <subfield code="c">BK</subfield>
    <subfield code="h">647.94068</subfield>
    <subfield code="i">AND/T</subfield>
    <subfield code="k">647.94068</subfield>
    <subfield code="m">AND/T</subfield>
  </datafield>
</record>
